Responses for Show #5363 - Wednesday, December 26, 2007

Cora Peck game 6.

Contestants

[<< previous game]

Patricia Crane, a systems specialist from Alexandria, Virginia

Bruce Upbin, a magazine editor from Brooklyn, New York

Cora Peck, a teacher and graduate student from Aliso Viejo, California (whose 5-day cash winnings total $116,803)

[next game >>]

Jeopardy! Round responses

PUNJAB
FICTIONAL BOOKS
WHAT'S YOUR BEEF?
GAMES PEOPLE PLAY
INVENTORS & INVENTIONS
"IP" SO FACTO
    $200 21
India & Pakistan

Patricia
    $200 2
Kramer

Cora
    $200 7
carne

Bruce
    $200 1
hangman

Bruce
    $200 15
a jet engine

Patricia
    $200 26
a strip

Bruce
    $400 22
Alexander the Great

Bruce
    $400 3
The Simpsons

Cora
    $400 16
steak tartare

Cora
    $400 11
(Roger) Federer

Patricia
    $400 20
a (hypodermic) syringe

Bruce
    $400 27
gossip

Cora
    $600 23
the English (Great Britain)

Bruce
    $600 4
Monty Python('s Flying Circus)

Bruce
    $600 17
pastrami

Patricia
    $600 12
(Patricia: What is Scrabble?)
(Cora: What is backgammon?)

chess

CoraPatricia
Triple Stumper
    $1,000 8
air conditioning

Bruce
    $600 28
a quip

Patricia
    $800 24
(Cora: What is Wee Willie Winkie?)

Kim

CoraBruce
    $800 5
McCoy

Patricia
    $800 18
filet mignon

Bruce
    $800 13
HORSE

Bruce
    $800 9
Robert Fulton

Bruce
    $800 29
courtship

Patricia
    $1000 25
Sikhism

Cora
    $1000 6
The X-Files

Patricia
    $1000 19
bœuf bourguignon

Bruce
    $1000 14
the Egyptians

Cora
    $1000 10
Pullman

Patricia
    $1000 30
a parsnip

Bruce

Scores at the first commercial break (after clue 15):

Cora Bruce Patricia
$1,000 $3,600 $2,800

Scores at the end of the Jeopardy! Round:

Cora Bruce Patricia
$2,000 $8,800 $5,000

Double Jeopardy! Round responses

"PUN" JAB
WOMEN OF ACHIEVEMENT
OSCARS WILD
ART
(Alex: And next, a tribute to The Seeing Eye Training Facility in Morristown, New Jersey with...)
SEEING EYE DOGS
THEATRE AROUND THE WORLD
    $400 25
punctuation

Cora
    $400 6
Cleopatra

Cora
    $400 1
Sally Field

Patricia
    $400 26
clowns

Cora
    $400 27
(Cora: What are their steps?)

the blocks

Cora
Triple Stumper
    $400 23
Paris

Bruce
    $800 24
Punxsutawney

Bruce
    $800 7
Catherine (the Great)

Bruce
    $800 2
Jack Palance

Bruce
    $800 11
(Bruce: Who is Vermeer?)

Rembrandt

Bruce
Triple Stumper
    $800 28
behavior

Patricia
    $800 12
Arthur Miller

Cora
    $1200 16
Punch & Judy

Patricia
    $1200 13
Pocahontas

Bruce
    $1200 3
Chevy Chase

Cora
    $4,500 9
the Hudson River

Bruce
    $1200 19
colorblindness

Bruce
    $1200 20
(Bruce: What is Beauty and the Beast?)

Tarzan

CoraBruce
    $1600 17
cyberpunk

Bruce
    $1600 14
(Benazir) Bhutto

Cora
    $1600 4
Snow White

Cora
    $1600 8
Fragonard

Triple Stumper
    $1600 30
disobedience

Patricia
    $2,500 21
(Constantin) Stanislavski

Cora
    $2000 18
(Bruce: What is redacted?)

expunge

BrucePatricia
    $2000 15
(Patricia: Who is Borgia?)
(Alex: Be more specific.)

Lucrezia Borgia

Patricia
    $2000 5
Annette Bening

Cora
    $2000 10
Titian

Triple Stumper
    $2000 29
Juno

Triple Stumper
    $2000 22
the Royal Shakespeare Company

Bruce

Scores at the end of the Double Jeopardy! Round:

Cora Bruce Patricia
$13,700 $18,100 $13,000

[wagering suggestions for these scores]

Final Jeopardy! Round responses

STRUCTURES
PatriciaWhat was Hadrian's Wall?
$5,200
CoraWhat is the Chunnel?
$7,500
BruceWhat is the Channel Tunnel?
$9,301
Hadrian's Wall

Final scores:

Cora Bruce Patricia
$6,200 $8,799 $18,200
3rd place: $1,000 2nd place: $2,000 New champion: $18,200

Game dynamics:

Coryat scores:

Cora Bruce Patricia
$12,800 $14,400 $13,000
16 R
(including 1 DD),
3 W
23 R
(including 2 DDs),
3 W
15 R,
1 W

Combined Coryat: $40,200

[game clues] [game scores] [suggest correction]

Game tape date: 2007-09-11
The J! Archive is created by fans, for fans. Scraping, republication, monetization, and malicious use prohibited; this site may use cookies and collect identifying information. See terms. The Jeopardy! game show and all elements thereof, including but not limited to copyright and trademark thereto, are the property of Jeopardy Productions, Inc. and are protected under law. This website is not affiliated with, sponsored by, or operated by Jeopardy Productions, Inc. Join the discussion at JBoard.tv.